000 00534nam a2200253Ia 4500
005 20250425162442.0
008 250425s9999 xx 000 0 und d
041 _aeng
043 _acc
082 _a332.67
100 _aINVEST, HAIDIAN
245 0 _aHAIDIAN INVEST GUIDE
250 _aS.E.
260 _aChina
_bS.E.
_c2008
260 _aS.L.
300 _a84
500 _aILUSTRADO
650 _aCHINA
650 _aGUIA
650 _aINVERSIONES
710 _aINVEST HAIDIAN
942 _c01
010 _a74939
999 _c229517
_d229517